Die wirtschaftliche Lage Russlands - Die Wirtschaftspolitik muss Investitionsanreize schaffen (Record no. 5693)

MARC details
000 -LEADER
fixed length control field 00612nam a22002057i 4500
001 - CONTROL NUMBER
control field 6004
003 - CONTROL NUMBER IDENTIFIER
control field OSt
005 - DATE AND TIME OF LATEST TRANSACTION
control field 20181119124231.0
007 - PHYSICAL DESCRIPTION FIXED FIELD--GENERAL INFORMATION
fixed length control field tu
008 - FIXED-LENGTH DATA ELEMENTS--GENERAL INFORMATION
fixed length control field 161220s1996 xxu||||| |||| 00| 0 d
020 ## - INTERNATIONAL STANDARD BOOK NUMBER
International Standard Book Number 3930963213
024 7# - OTHER STANDARD IDENTIFIER
Standard number or code 6004
Source of number or code RID
024 7# - OTHER STANDARD IDENTIFIER
Standard number or code 6004
Source of number or code RSN (alt)
040 ## - CATALOGING SOURCE
Transcribing agency OSt
110 2# - MAIN ENTRY--CORPORATE NAME
Corporate name or jurisdiction name as entry element Institut für Wirtschaftsforschung Halle IWH
245 00 - TITLE STATEMENT
Title Die wirtschaftliche Lage Russlands - Die Wirtschaftspolitik muss Investitionsanreize schaffen
Remainder of title Neunter Bericht
260 ## - PUBLICATION, DISTRIBUTION, ETC.
Place of publication, distribution, etc. Halle :
Name of publisher, distributor, etc. Institut für Wirtschaftsforschung Halle IWH,
Date of publication, distribution, etc. 1996.
490 ## - SERIES STATEMENT
Series statement IWH Forschungsreihe
Volume/sequential designation 10
942 ## - ADDED ENTRY ELEMENTS (KOHA)
Koha item type Paper
Holdings
Withdrawn status Lost status Damaged status Not for loan Home library Current library Shelving location Date acquired Inventory number Total Checkouts Barcode Date last seen Price effective from Koha item type
        WIIW WIIW Library 08/04/2004 6004   10001442 01/26/2017 01/26/2017 Paper
The Vienna Instiute for International Economic Studies (wiiw)